[Event "Ayvalik Petro Gp-A"]
[Site "Ayvalik"]
[Date "2022.02.25"]
[Round "7"]
[White "Blesic, Vaso"]
[Black "Altun, Arda"]
[Result "0-1"]
[WhiteElo "2276"]
[BlackElo "2297"]
[PlyCount "140"]
[EventDate "2022.02.21"]
[EventType "schev"]
[EventRounds "9"]
[EventCountry "TUR"]
[SourceTitle "CBM 207 Extra"]
[Source "ChessBase"]
[SourceDate "2022.05.31"]
[SourceVersion "1"]
[SourceVersionDate "2022.05.31"]
[SourceQuality "1"]
[WhiteTeam "Team A"]
[BlackTeam "Team B"]
[WhiteTeamCountry "TUR"]
[BlackTeamCountry "TUR"]

1. Nf3 d5 2. g3 Nf6 3. Bg2 c6 4. 0-0 Bg4 5. b3 e6 6. c4 Be7 7. Bb2 Nbd7 8. d3 0-0 9. Nbd2 Re8 10. Rc1 a5 11. a3 Bf8 12. h3 Bh5 13. Qc2 h6 14. Rfe1 Bg6 15. Qb1 e5 16. cxd5 cxd5 17. e4 d4 18. a4 Nc5 19. Bf1 Nfd7 20. Nh4 Bh5 21. Be2 Bxe2 22. Rxe2 Qb6 23. Ba1 Rec8 24. Ng2 Rc6 25. f4 f6 26. Ne1 Qa6 27. fxe5 fxe5 28. Bb2 b5 29. Ba3 Rb8 30. Bxc5 Nxc5 31. Qc2 bxa4 32. bxa4 Rb4 33. Nef3 Rg6 34. Nc4 Rxg3+ 35. Kf2 Rxf3+ 36. Kxf3 Rb3 37. Rd1 Qe6 38. Kg2 Rc3 39. Qb1 Rb3 40. Qc2 Rc3 41. Qb1 Qg6+ 42. Kh2 Qh5 43. Rf2 Be7 44. Qb8+ Kh7 45. Qc8 Nxd3 46. Qf5+ Qxf5 47. Rxf5 Rxc4 48. Rxd3 Rxa4 49. Rf7 Bh4 50. Kg2 Ra2+ 51. Kf1 Ra1+ 52. Kg2 Re1 53. Rb3 Kg6 54. Ra7 Rxe4 55. Rxa5 Bf6 56. Rg3+ Kh5 57. Kf3 Re3+ 58. Kg2 Re1 59. Rg4 Bg5 60. Rd5 Re2+ 61. Kf3 Re3+ 62. Kg2 Kg6 63. Rg3 Re2+ 64. Kf1 Re4 65. Rd6+ Kf5 66. Rd7 Bf6 67. Rd6 Kf4 68. Rg4+ Kf3 69. Rxe4 Kxe4 70. Ke2 Kf4 0-1

[Event "Ayvalik Petro Gp-A"]
[Site "Ayvalik"]
[Date "2022.02.24"]
[Round "5"]
[White "Gokerkan, Cem Kaan"]
[Black "Blesic, Vaso"]
[Result "1-0"]
[WhiteElo "2445"]
[BlackElo "2276"]
[PlyCount "61"]
[EventDate "2022.02.21"]
[EventType "schev"]
[EventRounds "9"]
[EventCountry "TUR"]
[SourceTitle "CBM 207 Extra"]
[Source "ChessBase"]
[SourceDate "2022.05.31"]
[SourceVersion "1"]
[SourceVersionDate "2022.05.31"]
[SourceQuality "1"]
[WhiteTeam "Team C"]
[BlackTeam "Team A"]
[WhiteTeamCountry "TUR"]
[BlackTeamCountry "TUR"]

1. e4 c5 2. Nf3 d6 3. d4 cxd4 4. Nxd4 Nf6 5. Nc3 a6 6. Bg5 Nbd7 7. Bc4 Qb6 8. Qd2 Qxb2 9. Rb1 Qa3 10. 0-0 Qa5 11. Bd5 e5 12. Nf5 Qc7 13. f4 h6 14. Bh4 g6 15. fxe5 dxe5 16. Bxf6 Nxf6 17. Ne3 Bg7 18. Rxf6 Bxf6 19. Rf1 Bg5 20. Bxf7+ Qxf7 21. Rxf7 Bxe3+ 22. Qxe3 Kxf7 23. Nd5 Kg7 24. Qc3 Rf8 25. Qxe5+ Kg8 26. Nb6 Bg4 27. Nxa8 Be2 28. h3 Rxa8 29. Qe6+ Kg7 30. Qe7+ Kg8 31. Qf6 1-0

[Event "Ayvalik Petro Gp-A"]
[Site "Ayvalik"]
[Date "2022.02.22"]
[Round "3"]
[White "Mirzoev, Azer"]
[Black "Blesic, Vaso"]
[Result "1-0"]
[WhiteElo "2468"]
[BlackElo "2276"]
[PlyCount "117"]
[EventDate "2022.02.21"]
[EventType "schev"]
[EventRounds "9"]
[EventCountry "TUR"]
[SourceTitle "CBM 207 Extra"]
[Source "ChessBase"]
[SourceDate "2022.05.31"]
[SourceVersion "1"]
[SourceVersionDate "2022.05.31"]
[SourceQuality "1"]
[WhiteTeam "Team D"]
[BlackTeam "Team A"]
[WhiteTeamCountry "TUR"]
[BlackTeamCountry "TUR"]

1. d4 Nf6 2. c4 g6 3. Nc3 d5 4. Nf3 Bg7 5. Bg5 Ne4 6. Bh4 Nxc3 7. bxc3 dxc4 8. Qa4+ Nd7 9. Qxc4 0-0 10. e3 c5 11. Qa4 a6 12. Qa3 b6 13. Be2 Bb7 14. 0-0 Re8 15. Qb3 Qc8 16. Rfd1 e6 17. a4 Rb8 18. Bg3 Ra8 19. h3 cxd4 20. exd4 Bf8 21. Rac1 Qc6 22. Rb1 Bd6 23. Bxd6 Qxd6 24. c4 Be4 25. Rb2 a5 26. Nd2 Bc6 27. Bf3 Rac8 28. Bxc6 Qxc6 29. Rdb1 Red8 30. Qa3 Rc7 31. Rb5 Rdc8 32. h4 h5 33. Qg3 Kf8 34. Qf4 Kg7 35. R1b3 e5 36. dxe5 Qe6 37. Re3 Rc5 38. Qd4 Kf8 39. g3 Re8 40. Rxc5 Nxc5 41. Nf3 Qd7 42. Qb2 Nxa4 43. Qa1 Nc5 44. Ng5 Kg8 45. e6 fxe6 46. Qb1 Re7 47. Qxg6+ Rg7 48. Qxh5 a4 49. Rf3 Qe7 50. Kh2 Nd7 51. Re3 Nf8 52. Qe2 Rg6 53. Qc2 Qb4 54. Rf3 Rg7 55. Qe4 Ra7 56. Nxe6 Nxe6 57. Qxe6+ Kg7 58. Qe5+ Kg8 59. Qb8+ 1-0